Territorios dependientes del mundo - Estadísticas

Estadísticas generales
  • Esta prueba ha sido intentada 513 veces
  • La puntuación promedio es 25 de 47
Estadísticas de respuestas
País Territorio % Correcto
China Hong Kong
88%
Estados Unidos Puerto Rico
81%
China Macao
77%
Dinamarca Groenlandia
76%
Países Bajos Aruba
73%
Estados Unidos Guam
71%
Países Bajos Curazao
69%
Francia Guadalupe
69%
Reino Unido Gibraltar
67%
Nueva Zelanda Islas Cook
66%
Dinamarca Islas Feroe
64%
Estados Unidos Samoa Americana
64%
Francia San Martín
64%
Francia Martinica
63%
Francia Polinesia Francesa
62%
Nueva Zelanda Niue
60%
Francia Reunión
60%
Francia Guayana Francesa
59%
Reino Unido Montserrat
59%
Reino Unido Bermudas
58%
Reino Unido Islas Caimán
57%
Reino Unido Isla de Man
56%
Reino Unido Jersey
56%
Francia Nueva Caledonia
56%
Reino Unido Anguila
55%
Países Bajos Bon Aire
55%
Reino Unido Islas Malvinas
54%
Francia Mayotte
54%
Reino Unido Guernsey
52%
Nueva Zelanda Tokelau
51%
Reino Unido Islas Turcas y Caicos
50%
Francia San Bartolomé
50%
Australia Isla de Navidad
49%
Australia Islas Cocos
46%
Reino Unido Islas Pitcairn
46%
Estados Unidos Islas Marianas del Norte
45%
Noruega Svalbard/Jan Mayen
45%
Francia Wallis y Futuna
43%
Francia San Pedro y Miquelón
42%
Finlandia Åland
36%
Países Bajos San Eustaquio
36%
Australia Norfolk
34%
Países Bajos Saba
32%
Reino Unido Tristán de Acuña
29%
Países Bajos Sint Maarten
24%
Estados Unidos Islas Vírgenes (EU)
12%
Reino Unido Islas Vírgenes (RU)
11%
No se encontraron pruebas coincidentes
Distribución de puntuación
Porcentaje de gente con cada puntuación
Porcentaje por número respondido
Historial de tus puntuaciones
No has intentado esta prueba.